Professional Communication Skills / (Record no. 1214)
[ view plain ]
| 000 -LEADER | |
|---|---|
| Fixed length control field | 00541nam a2200193 4500 |
| 003 - CONTROL NUMBER IDENTIFIER | |
| Control field | SEACOMMC |
| 005 - DATE AND TIME OF LATEST TRANSACTION | |
| Control field | 20250514152951.0 |
| 008 - FIXED-LENGTH DATA ELEMENTS--GENERAL INFORMATION | |
| Fixed length control field | 250514b |||||||| |||| 00| 0 eng d |
| 020 ## - INTERNATIONAL STANDARD BOOK NUMBER / ISBN | |
| International Standard Book Number | 81-219-2092-2 |
| Price | Rs.175.00 |
| 040 ## - CATALOGING SOURCE | |
| Original cataloging agency | SEACOMMC |
| 082 ## - DEWEY DECIMAL CLASSIFICATION NUMBER | |
| Classification number | 428.2 |
| Book Number | J 25 |
| 100 ## - MAIN ENTRY--PERSONAL NAME | |
| Personal name | Jain, A. K |
| 245 1# - TITLE STATEMENT | |
| Title | Professional Communication Skills / |
| Statement of responsibility | A. K. Jain [and] Pravin S. R. Bhatia [and] A. M. Sheikh |
| 250 ## - EDITION STATEMENT | |
| Edition statement | 5th rev.ed. |
| 260 ## - IMPRINT | |
| Place of publication | Kolkata |
| Name of publisher | S. Chand Publications |
| Date of publication | 2011 |
| 300 ## - PHYSICAL DESCRIPTION | |
| Page / Vol. No | Vol.1 |
| 650 ## - SUBJECT ADDED ENTRY--TOPICAL TERM | |
| Topical term | English |
| 942 ## - ADDED ENTRY ELEMENTS (KOHA) | |
| Koha item type | Books |
| Withdrawn status | Lost status | Source of classification | Damaged status | Not for loan | Home library | Current library | Shelving location | Date acquired | Total Checkouts | Call number | Accession number | Date last seen | Price effective from | Koha item type | Copy number |
|---|---|---|---|---|---|---|---|---|---|---|---|---|---|---|---|
| Dewey Decimal Classification | SEACOM MANAGEMENT COLLEGE | SEACOM MANAGEMENT COLLEGE | Reference | 11/02/2011 | 428.2 J 25 | M-3011 | 14/05/2025 | 14/05/2025 | Books | ||||||
| Dewey Decimal Classification | SEACOM MANAGEMENT COLLEGE | SEACOM MANAGEMENT COLLEGE | 11/02/2011 | 428.2 J 25 | M-3012 | 14/05/2025 | 14/05/2025 | Books | 1 | ||||||
| Dewey Decimal Classification | SEACOM MANAGEMENT COLLEGE | SEACOM MANAGEMENT COLLEGE | 11/02/2011 | 428.2 J 25 | M-3013 | 14/05/2025 | 14/05/2025 | Books | 2 | ||||||
| Dewey Decimal Classification | SEACOM MANAGEMENT COLLEGE | SEACOM MANAGEMENT COLLEGE | 11/02/2011 | 428.2 J 25 | M-3014 | 14/05/2025 | 14/05/2025 | Books | 3 | ||||||
| Dewey Decimal Classification | SEACOM MANAGEMENT COLLEGE | SEACOM MANAGEMENT COLLEGE | 11/02/2011 | 428.2 J 25 | M-3015 | 14/05/2025 | 14/05/2025 | Books | 4 | ||||||
| Dewey Decimal Classification | SEACOM MANAGEMENT COLLEGE | SEACOM MANAGEMENT COLLEGE | 11/02/2011 | 428.2 J 25 | M-3016 | 14/05/2025 | 14/05/2025 | Books | 5 | ||||||
| Dewey Decimal Classification | SEACOM MANAGEMENT COLLEGE | SEACOM MANAGEMENT COLLEGE | 11/02/2011 | 428.2 J 25 | M-3017 | 14/05/2025 | 14/05/2025 | Books | 6 | ||||||
| Dewey Decimal Classification | SEACOM MANAGEMENT COLLEGE | SEACOM MANAGEMENT COLLEGE | 11/02/2011 | 428.2 J 25 | M-3018 | 14/05/2025 | 14/05/2025 | Books | 7 | ||||||
| Dewey Decimal Classification | SEACOM MANAGEMENT COLLEGE | SEACOM MANAGEMENT COLLEGE | 11/02/2011 | 428.2 J 25 | M-3019 | 14/05/2025 | 14/05/2025 | Books | 8 | ||||||
| Dewey Decimal Classification | SEACOM MANAGEMENT COLLEGE | SEACOM MANAGEMENT COLLEGE | 11/02/2011 | 428.2 J 25 | M-3020 | 14/05/2025 | 14/05/2025 | Books | 9 |
